Kierkeggard for Beginners /

Sábháilte in:
Sonraí bibleagrafaíochta
Príomhchruthaitheoir: Donald D. Palmer (autor)
Formáid: LEABHAR
Teanga:Béarla
Foilsithe / Cruthaithe: Nueva York, EUA : Writers and Readers, 1996, c1996
Sraith:(Beginners Documentary Comic Book)
Ábhair:
Clibeanna: Cuir clib leis
Níl clibeanna ann, Bí ar an gcéad duine le clib a chur leis an taifead seo!

MARC

LEADER 00000nam^a2200000^a^4500
001 000165292
005 20250521000000.0
009 20260310101011.661
020 |a 0-86316-192-8 
037 |a Acervo ITESO - Biblioteca 
041 |a ING 
082 |a 920. 02  |b PRI V. 117 
100 |a Donald D. Palmer  |e (autor) 
240 1 1 |a [Principiantes] 
245 1 0 |a Kierkeggard for Beginners /  |c D.D. Palmer. 
264 4 |a Nueva York, EUA :  |b Writers and Readers,  |c 1996, c1996 
300 |a 150 p. 
336 |a texto  |b txt  |2 rdacontenido 
337 |a sin mediación  |b n  |2 rdamedio 
338 |a volumen  |b nc  |2 rdasoporte 
440 1 |a (Beginners Documentary Comic Book) 
649 |a XX 
650 |a Filósofos Daneses 
650 |a Teología 
650 |a Existencialismo Cristiano 
650 |a Existencialismo 
650 |a Filosofía del Siglo XIX 
650 |a Filosofía Danesa 
650 |a Kierkegaard, Sören 
910 |a Fondo General 
920 |a Impresos - Libros 
930 |a Colección General 
905 |a 101 
901 |a 0500099888  |b IT1  |c ACC  |u 20250521 
902 |a https://opac.biblio.iteso.mx/vufind/Record/000165292